[Event "POL-chT 2nd League"]
[Site "Jastrzebia Gora"]
[Date "2022.09.11"]
[Round "9.121"]
[White "Jaworski, Maciej"]
[Black "Spyra, Piotr"]
[Result "1-0"]
[WhiteElo "2086"]
[BlackElo "1901"]
[PlyCount "57"]
[EventDate "2022.09.03"]
[EventType "team-swiss"]
[EventRounds "9"]
[EventCountry "POL"]
[SourceTitle "CBM 210 Extra"]
[Source "ChessBase"]
[SourceDate "2022.11.30"]
[SourceVersion "1"]
[SourceVersionDate "2022.11.30"]
[SourceQuality "1"]
[WhiteTeam "Choszczno Skoczek"]
[BlackTeam "Marklowice Hetman"]
[WhiteTeamCountry "POL"]
[BlackTeamCountry "POL"]

1. d4 Nf6 2. c4 g6 3. Nc3 d5 4. cxd5 Nxd5 5. e4 Nxc3 6. bxc3 Bg7 7. Bc4 0-0 8. Ne2 c5 9. 0-0 Nc6 10. Be3 Qc7 11. Rc1 Rd8 12. Qd2 a6 13. h3 b5 14. Bd3 e6 15. Rfd1 Qa5 16. Bb1 Bb7 17. Bh6 Bh8 18. Qe3 Qa4 19. d5 exd5 20. exd5 Ne5 21. d6 Rac8 22. Bg5 Rd7 23. Be7 Nc4 24. Qg5 Be5 25. Bf5 f6 26. Qg4 Rxd6 27. Bxd6 Rd8 28. Bc2 f5 29. Bxa4 1-0

[Event "POL-chT 2nd League"]
[Site "Jastrzebia Gora"]
[Date "2022.09.03"]
[Round "1.69"]
[White "Kejna, Piotr"]
[Black "Jaworski, Maciej"]
[Result "1/2-1/2"]
[WhiteElo "1965"]
[BlackElo "2086"]
[PlyCount "114"]
[EventDate "2022.09.03"]
[EventType "team-swiss"]
[EventRounds "9"]
[EventCountry "POL"]
[SourceTitle "CBM 210 Extra"]
[Source "ChessBase"]
[SourceDate "2022.11.30"]
[SourceVersion "1"]
[SourceVersionDate "2022.11.30"]
[SourceQuality "1"]
[WhiteTeam "Legnica Miedz"]
[BlackTeam "Choszczno Skoczek"]
[WhiteTeamCountry "POL"]
[BlackTeamCountry "POL"]

1. e4 c5 2. b3 Nc6 3. Bb2 e5 4. Bc4 d6 5. Ne2 a6 6. a4 Qh4 7. Nbc3 Nf6 8. Nd5 Nxd5 9. Bxd5 Be7 10. 0-0 0-0 11. f4 Be6 12. Bxc6 bxc6 13. d3 Bg4 14. fxe5 Qh5 15. Re1 Bh4 16. h3 Bg5 17. Kh2 dxe5 18. Bc1 Bxc1 19. Rxc1 f5 20. exf5 Rxf5 21. Qd2 Rf2 22. Kg1 Raf8 23. Qe3 Bxe2 24. Qxf2 Rxf2 25. Kxf2 Bf3 26. gxf3 Qxh3 27. Rh1 Qd7 28. Rce1 Qd4+ 29. Kg3 Qf4+ 30. Kf2 h6 31. Re4 Qd2+ 32. Re2 Qc3 33. Rh5 Qd4+ 34. Kg2 Kh7 35. Rhxe5 Qc3 36. Re6 h5 37. Rxc6 a5 38. Rc7 Kh6 39. Rce7 g6 40. R7e4 Qf6 41. Kf2 Qg5 42. Re1 Qd2+ 43. R4e2 Qf4 44. Rg1 Kg7 45. Rg2 Qc1 46. Kg3 Qg5+ 47. Kf2 Qc1 48. Rg1 Qf4 49. Re3 Kf7 50. Rg2 Kf6 51. Re4 Qc1 52. Rc4 Qd2+ 53. Kg3 Qe1+ 54. Kh2 Qe3 55. d4 Qf4+ 56. Kg1 Qc1+ 57. Kh2 Qf4+ 1/2-1/2

[Event "Poznan op 22nd"]
[Site "Poznan"]
[Date "2014.08.14"]
[Round "7"]
[White "Jaworski, Maciej"]
[Black "Jarmuzek, Karolina"]
[Result "0-1"]
[WhiteElo "2196"]
[BlackElo "1772"]
[PlyCount "58"]
[EventDate "2014.08.09"]
[EventType "swiss"]
[EventRounds "9"]
[EventCountry "POL"]
[SourceTitle "CBM 161 Extra"]
[Source "ChessBase"]
[SourceDate "2014.08.29"]
[SourceVersion "1"]
[SourceVersionDate "2014.08.29"]
[SourceQuality "1"]

1. d4 d5 2. c4 c6 3. Nf3 Nf6 4. Nc3 dxc4 5. e4 b5 6. a3 e6 7. Be2 Be7 8. 0-0 0-0 9. Bf4 Bb7 10. b3 cxb3 11. Qxb3 a6 12. Rfd1 Nbd7 13. Rac1 Qa5 14. a4 b4 15. Na2 Nxe4 16. Ne5 Nxe5 17. Bxe5 Rac8 18. Qh3 c5 19. f4 cxd4 20. Rd3 Bf6 21. Bg4 Bxe5 22. fxe5 b3 23. Rf1 bxa2 24. Qh5 Rc3 25. Rdd1 Bd5 26. Rf4 Qxa4 27. Ra1 Rb3 28. Raf1 Rb1 29. Rxf7 Rxf1+ 0-1

[Event "Poznan op 22nd"]
[Site "Poznan"]
[Date "2014.08.11"]
[Round "4"]
[White "Golek, Jagoda"]
[Black "Jaworski, Maciej"]
[Result "1-0"]
[WhiteElo "2070"]
[BlackElo "2196"]
[PlyCount "69"]
[EventDate "2014.08.09"]
[EventType "swiss"]
[EventRounds "9"]
[EventCountry "POL"]
[SourceTitle "CBM 161 Extra"]
[Source "ChessBase"]
[SourceDate "2014.08.29"]
[SourceVersion "1"]
[SourceVersionDate "2014.08.29"]
[SourceQuality "1"]

1. e4 c6 2. d4 d5 3. exd5 cxd5 4. c4 Nf6 5. Nc3 g6 6. Nf3 Bg7 7. h3 0-0 8. Be2 Nc6 9. 0-0 Bf5 10. Bf4 Rc8 11. c5 Ne4 12. Re1 b6 13. Ba6 bxc5 14. Bxc8 Nxc3 15. bxc3 Qxc8 16. Qd2 Be4 17. Ne5 Nxe5 18. Bxe5 f6 19. Bg3 cxd4 20. cxd4 Qd7 21. Rac1 e5 22. dxe5 Qe6 23. exf6 Qxf6 24. Rc7 Qb6 25. Kh2 h5 26. h4 Rf5 27. f3 g5 28. fxe4 gxh4 29. Rxg7+ Kxg7 30. exf5 hxg3+ 31. Kh3 Qf6 32. Qf4 Kf8 33. Qb8+ Kf7 34. Qe8+ Kg7 35. Qe7+ 1-0

[Event "Poznan op 22nd"]
[Site "Poznan"]
[Date "2014.08.10"]
[Round "3"]
[White "Jaworski, Maciej"]
[Black "Cholewa, Maria"]
[Result "1-0"]
[WhiteElo "2196"]
[BlackElo "1875"]
[PlyCount "97"]
[EventDate "2014.08.09"]
[EventType "swiss"]
[EventRounds "9"]
[EventCountry "POL"]
[SourceTitle "CBM 161 Extra"]
[Source "ChessBase"]
[SourceDate "2014.08.29"]
[SourceVersion "1"]
[SourceVersionDate "2014.08.29"]
[SourceQuality "1"]

1. d4 d5 2. c4 e6 3. Nf3 Nf6 4. Nc3 Be7 5. e3 0-0 6. Bd3 dxc4 7. Bxc4 b6 8. 0-0 Bb7 9. b3 Nbd7 10. Bb2 c5 11. d5 exd5 12. Nxd5 Nxd5 13. Bxd5 Qc7 14. Bc4 Rad8 15. Qe2 Nf6 16. Ne5 Ne4 17. Rad1 Bd6 18. Qh5 Nf6 19. Qg5 h6 20. Qf5 Bc8 21. Qf4 Nh5 22. Qe4 Rde8 23. Rxd6 Qxd6 24. Nxf7 Rxe4 25. Nxd6+ Rxc4 26. bxc4 Be6 27. Be5 Nf6 28. a4 Ng4 29. Bg3 Rd8 30. h3 Nf6 31. Rc1 Nd7 32. Nb5 a6 33. Nc7 Bf5 34. Nd5 Be6 35. e4 Kf7 36. Rc3 Nf6 37. Rf3 Bxd5 38. exd5 Rd7 39. Re3 b5 40. axb5 axb5 41. cxb5 Nxd5 42. Re4 Nc3 43. Rc4 Nxb5 44. Rxc5 Rd1+ 45. Kh2 Nd4 46. Be5 Ne6 47. Rc6 Rd2 48. f4 g5 49. f5 1-0

[Event "Lasker Memorial op-A"]
[Site "Barlinek"]
[Date "2006.06.03"]
[Round "1"]
[White "Jaworski, Maciej"]
[Black "Kalinitschew, Sergey"]
[Result "1-0"]
[WhiteElo "2203"]
[BlackElo "2516"]
[PlyCount "97"]
[EventDate "2006.06.03"]
[EventType "swiss"]
[EventRounds "9"]
[EventCountry "POL"]
[SourceTitle "CBM 112 Extra"]
[Source "ChessBase"]
[SourceDate "2006.07.14"]
[SourceVersion "1"]
[SourceVersionDate "2006.07.14"]
[SourceQuality "1"]

1. d4 e6 2. c4 b6 3. e4 Bb7 4. Bd3 f5 5. exf5 Bb4+ 6. Kf1 Nf6 7. a3 Bd6 8. Nc3 0-0 9. Nf3 exf5 10. Bxf5 Qe8 11. Be3 Qh5 12. Ng5 h6 13. Bh7+ Kh8 14. Qxh5 Nxh5 15. Be4 Nc6 16. Bg6 Nf4 17. Nf7+ Kg8 18. Nxd6 cxd6 19. Be4 Ba6 20. b3 Rae8 21. g3 d5 22. Bf3 Nd3 23. Bxd5+ Kh8 24. Be4 Nxf2 25. Bxf2 Nxd4 26. Kg2 Nxb3 27. Rad1 Bxc4 28. Rxd7 Be6 29. Rxa7 Bh3+ 30. Kxh3 Rxf2 31. Rd1 Rf6 32. Rad7 Rff8 33. Bg6 Rc8 34. Ne4 Ra8 35. R1d3 Nc1 36. Rc3 Ne2 37. Rcc7 Rxa3 38. Rxg7 Nf4+ 39. Kg4 h5+ 40. Bxh5 Ne6 41. Rh7+ Kg8 42. Rb7 Ra4 43. Bg6 Rf6 44. Bf5 b5 45. h4 Rd4 46. Rhe7 Kf8 47. Rxe6 Rxe6 48. Bxe6 Rxe4+ 49. Kf5 1-0

[Event "Polanica Zdroj op-B 41st"]
[Site "Polanica Zdroj"]
[Date "2005.08.25"]
[Round "7"]
[White "Przezdziecka, Ewa"]
[Black "Jaworski, Maciej"]
[Result "0-1"]
[WhiteElo "2042"]
[BlackElo "2151"]
[PlyCount "84"]
[EventDate "2005.08.19"]
[EventType "swiss"]
[EventRounds "10"]
[EventCountry "POL"]
[SourceTitle "CBM 108 Extra"]
[Source "ChessBase"]
[SourceDate "2005.11.04"]
[SourceVersion "1"]
[SourceVersionDate "2005.11.04"]
[SourceQuality "1"]

1. d4 d5 2. Nf3 Nc6 3. c4 Bg4 4. Nc3 e6 5. Bg5 Be7 6. Bxe7 Ngxe7 7. e3 0-0 8. Bd3 h6 9. h3 Bh5 10. g4 Bg6 11. Bxg6 Nxg6 12. h4 dxc4 13. g5 h5 14. Nd2 b5 15. Qxh5 Nb4 16. 0-0 a6 17. Nf3 Nd3 18. Rab1 Qe8 19. Ne1 Nb4 20. Qg4 Rd8 21. h5 Ne7 22. Ne4 Nf5 23. Nf3 Kh8 24. Nh4 Nd6 25. Nxd6 Rxd6 26. h6 Rd5 27. Qf4 Qd8 28. Nf3 Nd3 29. Qg3 Rf5 30. e4 Rf4 31. g6 Qf6 32. hxg7+ Kxg7 33. gxf7+ Kxf7 34. Ng5+ Ke8 35. Nh7 Qh8 36. Nxf8 Rxf8 37. Qh2 Qg7+ 38. Qg3 Qh7 39. Qh3 Rg8+ 40. Kh1 Qxe4+ 41. f3 Qxd4 42. Qh5+ Kd8 0-1

[Event "Polanica Zdroj op-B 41st"]
[Site "Polanica Zdroj"]
[Date "2005.08.23"]
[Round "5"]
[White "Wojciechowska, Aleksandra"]
[Black "Jaworski, Maciej"]
[Result "1/2-1/2"]
[WhiteElo "2018"]
[BlackElo "2151"]
[PlyCount "38"]
[EventDate "2005.08.19"]
[EventType "swiss"]
[EventRounds "10"]
[EventCountry "POL"]
[SourceTitle "CBM 108 Extra"]
[Source "ChessBase"]
[SourceDate "2005.11.04"]
[SourceVersion "1"]
[SourceVersionDate "2005.11.04"]
[SourceQuality "1"]

1. e4 e5 2. Nf3 Nc6 3. d4 exd4 4. Nxd4 Qh4 5. Nc3 Bb4 6. Ndb5 Qxe4+ 7. Be2 Bxc3+ 8. bxc3 Kd8 9. 0-0 Nge7 10. Re1 Qa4 11. Qd3 a6 12. Nd4 d6 13. Nxc6+ bxc6 14. Bf3 Be6 15. Bg5 Rb8 16. Re4 Qb5 17. Qd2 Kd7 18. Rae1 Rhe8 19. c4 Qb4 1/2-1/2

[Event "Polanica Zdroj op-B 41st"]
[Site "Polanica Zdroj"]
[Date "2005.08.22"]
[Round "4"]
[White "Jaworski, Maciej"]
[Black "Rychlik, Hanna"]
[Result "1-0"]
[WhiteElo "2151"]
[BlackElo "1983"]
[PlyCount "69"]
[EventDate "2005.08.19"]
[EventType "swiss"]
[EventRounds "10"]
[EventCountry "POL"]
[SourceTitle "CBM 108 Extra"]
[Source "ChessBase"]
[SourceDate "2005.11.04"]
[SourceVersion "1"]
[SourceVersionDate "2005.11.04"]
[SourceQuality "1"]

1. d4 Nf6 2. c4 e6 3. Nc3 Bb4 4. e3 0-0 5. Bd3 d5 6. a3 Bxc3+ 7. bxc3 c5 8. Ne2 Nc6 9. cxd5 exd5 10. 0-0 c4 11. Bc2 Qa5 12. f3 Re8 13. Bd2 Qc7 14. Ng3 h5 15. Qe2 g6 16. Rae1 h4 17. Nh1 Kg7 18. e4 Be6 19. e5 Nd7 20. Qf2 Qd8 21. Be3 Rh8 22. Qd2 b5 23. Bg5 Qa5 24. f4 Bf5 25. Bxf5 gxf5 26. Qc2 Nd8 27. Qxf5 Ne6 28. Bf6+ Nxf6 29. Qxf6+ Kg8 30. f5 Nxd4 31. Rf4 Nf3+ 32. Rxf3 Qxa3 33. Rf4 Rh7 34. e6 fxe6 35. Rg4+ 1-0

[Event "Polanica Zdroj op-B"]
[Site "Polanica Zdroj"]
[Date "2000.??.??"]
[Round "8"]
[White "Adamski, Michal"]
[Black "Jaworski, Maciej"]
[Result "1-0"]
[WhiteElo "2092"]
[BlackElo "2193"]
[PlyCount "69"]
[EventDate "2000.08.??"]
[EventType "swiss"]
[EventRounds "10"]
[EventCountry "POL"]
[SourceTitle "EXT 2001"]
[Source "ChessBase"]
[SourceDate "2000.11.22"]
[SourceVersion "1"]
[SourceVersionDate "2000.11.22"]
[SourceQuality "1"]

1. e4 e6 2. d4 d5 3. Nc3 Nf6 4. e5 Ne4 5. Nxe4 dxe4 6. Bc4 c5 7. d5 Nd7 8. dxe6 fxe6 9. Nh3 Qc7 10. Bf4 Qc6 11. a4 a6 12. a5 b5 13. axb6 Nxb6 14. Be2 Be7 15. c4 0-0 16. 0-0 Bb7 17. Qc2 a5 18. Qc3 a4 19. Qg3 Kh8 20. Bg5 Bxg5 21. Nxg5 Rf5 22. h4 Ba6 23. Rac1 h6 24. Nh3 Rd8 25. Nf4 Qe8 26. Bg4 Nxc4 27. Bxf5 exf5 28. Qc3 Kh7 29. e6 Qe7 30. Rfd1 Rd6 31. Rxd6 Qxd6 32. Nh5 Ne5 33. Qxc5 Qxe6 34. Qa7 Qg6 35. Qc7 1-0